000 00882nam a22002057a 4500
999 _c16018
_d16018
003 AR-CdUCM
008 190430b ||||| |||| 00| 0 spa d
040 _aMUNICIPALIDAD PROVINCIAL DEL CUSCO
_cBIBLIOTECA MUNICIPAL DEL CUSCO
082 _a100.931 /
_bT85
100 _aTse-Tung, Mao
_935283
245 _aCuatro tesis filosóficas /
260 _aPekin :
_bLenguas extranjeras,
_c1966.
300 _a150 paginas ;
_c18 cm.
505 _aContenido : Las dos concepciones del mundo -- La universidad de la contradicción -- La identidad y la lucha de los aspectos de una contradicción -- Dos tipos de contradicciones de diferentes carácter -- La cuestión de los industriales y los comerciantes...
650 _aIdeas correctas
_935284
650 _aIndustrialización
_91455
650 _aRégimen de economías
_935285
942 _2ddc
_cLIBROS
945 _awnts
_d2019-04-30